Normal view MARC view

Entry Nombre personal

Number of records used in: 5

001 - NÚMERO DE CONTROL

  • campo de control: 55437

003 - IDENTIFICADOR DE NÚMERO DE CONTROL

  • campo de control: SpMaBN

005 - FECHA Y HORA DE LA ÚLTIMA TRANSACCIÓN

  • campo de control: 20250825070155.0

008 - ELEMENTOS DE DATO DE LONGITUD-FIJA

  • campo de control de longitud fija: 900725n| aijnnaabn a aaa

016 ## - NÚMERO DE CONTROL DE UNA AGENCIA BIBLIOGRÁFICA NACIONAL

  • Número de control del registro: BNE19973445400

024 7# - IDENTIFICADOR DE OTROS ESTÁNDARES

  • Número estándar o código: http://www.wikidata.org/entity/Q18033588
  • Fuente: wikidata

024 7# - IDENTIFICADOR DE OTROS ESTÁNDARES

  • Número estándar o código: http://viaf.org/viaf/88963157/
  • Fuente: viaf

024 7# - IDENTIFICADOR DE OTROS ESTÁNDARES

  • Número estándar o código: https://isni.org/isni/0000000079792784
  • Fuente: isni

040 ## - FUENTE DE CATALOGACIÓN

  • Centro catalogador/agencia de origen: SpMaBN
  • Lengua de catalogación: spa
  • Centro/agencia transcriptor: SpMaBN
  • Normas de descripción: rdc
  • Convención/Normas de encabezamiento de materia/tesauro: embne

046 ## - FECHAS CON CODIFICACIÓN ESPECIAL

  • Fecha de nacimiento: 1895
  • Fecha de la muerte: 1974

100 1# - ENCABEZAMIENTO-NOMBRE DE PERSONA

  • Nombre de persona: García y García de Castro, Rafael,
  • Fechas asociadas al nombre: 1895-1974

375 ## - GÉNERO/SEXO

  • Género: Masculino

400 1# - TRAZADO DE VÉASE--NOMBRE DE PERSONA

  • Nombre de persona: García García de Castro, Rafael,
  • Fechas asociadas al nombre: 1895-1974

400 1# - TRAZADO DE VÉASE--NOMBRE DE PERSONA

  • Nombre de persona: G. y García de Castro, Rafael,
  • Fechas asociadas al nombre: 1895-1974

400 1# - TRAZADO DE VÉASE--NOMBRE DE PERSONA

  • Nombre de persona: García de Castro, Rafael G.,
  • Fechas asociadas al nombre: 1895-1974

670 ## - FUENTE DE DATOS ENCONTRADOS

  • Cita de la fuente: Siete conferencias en la Biblioteca de Menéndez Pelayo, 1956
  • Información encontrada: port. (Rafael García y García de Castro) p. 9 (arzobispo de Granada)

670 ## - FUENTE DE DATOS ENCONTRADOS

  • Cita de la fuente: Índices sinóptico, temático, de prologuistas y anotadores y cronológico, 1947
  • Información encontrada: port. (preparados por el Excmo. Sr. Dr. D. Rafael G. y García de Castro, Obispo de Jaén)

670 ## - FUENTE DE DATOS ENCONTRADOS

  • Cita de la fuente: WWW Wikipedia, 11-12-2017
  • Información encontrada: (Rafael García y García de Castro (Miranda del Castañar, Salamanca, 18 de octubre de 1895 – Granada, 3 de febrero de 1974). religioso español, sacerdote católico, obispo de Jaén y arzobispo de Granada)
  • Identificador Uniforme de Recursos: https://es.wikipedia.org/wiki/Rafael_Garc%C3%ADa_y_Garc%C3%ADa _de_Castro